HasanAbi Quiz - Statistics

General Stats
  • This quiz has been taken 5 times
  • The average score is 14 of 20
Answer Stats
Hint Answer % Correct
Considered his Most "Heated Gamer Moment" America ________ _/__ Deserved 9/11
100%
Current Dog's Name Kaya
100%
Living in this City Los Angeles
100%
HasanAbi Last Name Piker
100%
Type of Streamer Political
100%
Political Ideology Socialist
100%
Childhood Country Turkey
100%
Platform Known for Streaming on Twitch
100%
Most Infamous Ban was for this slur Cracker
80%
Controversy Over Buying (2 options) House, Porsche
80%
Former Podcast Cohost Ethan Klein
60%
Current Podcast Name Fear &
60%
Plays a song featuring Mufasa on what day of the week Friday
60%
Fans of his are Referred to as HasanAbi Heads
60%
Common command for current dog mentioned above ____ _____ Kaya Place
60%
Score on Autism Test 127
40%
Famous Uncle's Name Cenk Uygur
40%
Producer's Name Marche
40%
First Dog Name Fish
20%
Stream gag Soundboard
20%
No matching quizzes found
Score Distribution
Percent of People with Each Score
Percentile by Number Answered
Your Score History
You have not taken this quiz